000 00729nac a22002171u 4500
020 _a8129704749
082 _a621.81
_bP747
090 _c776
_d776
100 _aPohit, Gutam
245 _aMachine drawing with AutoCAD /
_bGoutam Pohit, Goutam Ghosh.
260 _aNew York :
_bPearson Education,
_c2005.
300 _a480 p. :
_bill. ;
_c24 cm.
500 _aIncludes index.
650 _aMachinery
_xDrawings.
650 _aMachine design.
650 _aAutoCAD.
650 _aComputer graphics.
700 _aGhosh, Goutam.
942 _cBB
_k621.81P747
999 _c776
_d776